Pracovný zošit zo slovenského jazyka pre 8. ročník špeciálnych základných škôl /

Uložené v:
Podrobná bibliografia
Hlavný autor: Belanský, Jozef (Author)
Ďalší autori: Žitňanová, Tatiana, 1956- (Illustrator)
Médium: Kniha
Jazyk:Slovak
Vydané: Bratislava : Slovenské pedagogické nakladateľstvo, 2019.
Vydanie:Šestnáste vydanie
Témy:
ISBN: 9788010035717 (brož.)
Fyzický popis: 55 strán : farebné ilustrácie ; 30 cm.
Tagy: Pridať tag
Žiadne tagy, Buďte prvý kto otaguje tento záznam!

MARC

LEADER 00000nam a2200000 4500
001 000620487
005 20190822090501.0
008 190703s2019 xo a c p 000 0 slo d
020 |a 9788010035717 (brož.) 
040 |a SVKKK  |b slo  |c SVKKK  |e AACR2 
041 0 |a slo 
044 |a xo  |c SK 
072 7 |a 811.162.4  |x Slovenčina  |2 konspekt 
080 |a 811.162.4  |2 2011 
080 |a (075.2)  |2 2011 
080 |a (076.1)  |2 2011 
100 1 |a Belanský, Jozef  |4 aut 
245 1 0 |a Pracovný zošit zo slovenského jazyka pre 8. ročník špeciálnych základných škôl /  |c Jozef Belanský ; [ilustrácie Táňa Žitňanová]. 
250 |a Šestnáste vydanie 
260 |a Bratislava :  |b Slovenské pedagogické nakladateľstvo,  |c 2019. 
300 |a 55 strán :  |b farebné ilustrácie ;  |c 30 cm. 
650 0 7 |a slovenčina  |2 SVKKKPH 
650 0 7 |a Slovak language  |2 SVKKKPHeng 
655 7 |a učebnice základných škôl  |2 SVKKKPH 
655 7 |a pracovné zošity  |2 SVKKKPH 
655 7 |a textbooks (elementary)  |2 SVKKKPHeng 
655 7 |a activity books  |2 SVKKKPHeng 
700 1 |a Žitňanová, Tatiana,  |d 1956-  |4 ill 
910 |a svkkk 
919 |a 978-80-10-03571-7 
998 |a BK 
090 |g SCKHL  |k Sklad Hlavná 10 prízemie  |a V.239037  |j 1098642  |i 2720669456  |s Povinný výt.